Paris-Princeton Lectures on Mathematical Finance 2003

Αποθηκεύτηκε σε:
Λεπτομέρειες βιβλιογραφικής εγγραφής
Συγγραφή απο Οργανισμό/Αρχή: Paris-Princeton Lectures on Mathematical Finance
Άλλοι συγγραφείς: Bielecki, Tomasz R. 1955-
Μορφή: Βιβλίο
Γλώσσα:English
Δημοσίευση: Berlin ; New York, NY : Springer, 2004
Σειρά:Lecture notes in mathematics (Springer-Verlag) ; 1847
Θέματα:
Ετικέτες: Προσθήκη ετικέτας
Δεν υπάρχουν, Καταχωρήστε ετικέτα πρώτοι!

MARC

LEADER 00000nam a2200000 i 4500
001 1/75811
008 080225s2004 eng d
020 |a 3-540-22266-9 
035 |l 10095014 
040 |a GR-MY-UA  |b gre  |e aacr 
041 0 |a eng 
082 0 |a 332.0151  |2 (22) 
110 2 |a Paris-Princeton Lectures on Mathematical Finance. 
245 1 0 |a Paris-Princeton Lectures on Mathematical Finance 2003 /  |c Tomasz R. Bielecki ... [κ.ά.] 
260 |a Berlin ; New York, NY :   |b Springer,   |c 2004 
300 |a viii, 250 σ.;  |c 24 εκ. 
490 1 |a Lecture notes in mathematics  |v ; 1847 
504 |a Περιέχει βιβλιογραφικές παραπομπές 
650 0 0 |a Business mathematics  |x Congresses. 
700 1 |a Bielecki, Tomasz R.  |d 1955- 
830 0 |a Lecture notes in mathematics (Springer-Verlag)  |v ; 1847 
852 |a INST  |b SAMOS  |e 20080225  |h 332.0151 PAR  |p 005300026807  |q 005300026807  |t BK  |y 0 
901 |a BIBL3-2008-1 
909 |a Σ  |b 142291 
922 |a 3ΕΛΗ  |b 200712  |c ΕΠΕΑΕΚ2/ΤΜΗΜΑ ΜΑΘΗΜΑΤΙΚΩΝ  |d ΠΑΠΑΣΩΤΗΡΙΟΥ 
970 |a ΡΟΥΣΣΟΥ  |b ΚΩΝΣΤΑΝΤΙΝΑ  |z 2008/02/25